S-Bahn-Stationen in Frankfurt (auf Frankfurter Stadtgebiet) - Statistiken

Allgemein
  • Dieses Quiz wurde 67 mal gespielt
  • Das Durchschnittsergebnis liegt bei 19 aus 27
Antwortstatistiken
unterirdisch / oberirdisch Antwort % Korrekt
unterirdisch Hauptbahnhof
98%
unterirdisch Konstablerwache
98%
unterirdisch Hauptwache
95%
oberirdisch Süd
89%
unterirdisch Taunusanlage
89%
unterirdisch Ostendstraße
84%
oberirdisch West
82%
oberirdisch Nied
80%
oberirdisch Höchst
79%
oberirdisch Messe
79%
oberirdisch Galluswarte
77%
oberirdisch Stadion
75%
unterirdisch Lokalbahnhof
68%
oberirdisch Griesheim
64%
oberirdisch Louisa
64%
oberirdisch Niederrad
64%
unterirdisch Mühlberg
63%
oberirdisch Rödelheim
61%
oberirdisch Farbwerke
59%
oberirdisch Frankfurter Berg
57%
oberirdisch Stresemannallee
55%
oberirdisch Zeilsheim
55%
unterirdisch Gateway Gardens
54%
oberirdisch Eschersheim
50%
oberirdisch Sindlingen
50%
oberirdisch Berkersheim
48%
unterirdisch Flughafen (Regionalbahnhof)
46%
Keine übereinstimmenden Quizze gefunden
Verteilung der Resultate
Anzahl Personen mit jedem Resultat
Perzentil nach korrekt beantworteten Fragen
Ihre Resultats-Entwicklung
Sie haben dieses Quiz noch nicht gespielt